[Event "Buenos Aires ol (Men)"]
[Site "Buenos Aires"]
[Date "1978.??.??"]
[Round "?"]
[White "Szmetan, Jorge"]
[Black "Zapata, Alonso"]
[Result "1/2-1/2"]
[WhiteElo "2420"]
[BlackElo "2355"]

1.e4 c5 2.Nf3 e6 3.d4 cxd4 4.Nxd4 Nc6 5.Nc3 a6 6.g3 Nge7 7.Nb3 Ng6 8.h4 d6
9.h5 Nge5 10.f4 Nd7 11.Be3 h6 12.Qe2 Qc7 13.O-O-O b5 14.Bh3 b4 15.Na4 a5
16.e5 dxe5 17.f5 exf5 18.Bxf5 Nf6 19.Bb6 Qb7 20.Bxc8 Rxc8 21.Nbc5 Qa8 22.Na6 Qb7
23.N6c5 Qa8 24.Qd3 Be7 25.Nd7 Qb7 26.Ndc5 Qb8 27.Nd7 Qb7 28.Nac5 Bxc5 29.Nxf6+ gxf6
30.Bxc5 Ne7 31.Qd6 Qc7 32.Qxf6 O-O 33.Rh4 Qxc5 34.Rg4+ Ng6 35.Qf5 Qe3+ 36.Kb1 Qe2
37.Rc1 Rc7 38.hxg6 f6 39.Rh4 Qd2 40.b3 Kg7 41.Rch1 Rfc8 42.R4h2 Qg5 43.Qe6 Qxg6
44.Rd1 Rf8 45.Rd5 Qe4 46.Rhd2 Rff7 47.Rd8 h5 48.Qe8 Kh6 49.R8d3 Kg5 50.Qb5 Ra7
51.Kb2 Rfc7 52.Rd8 Qe3 53.Rg8+ Rg7 54.Rd3 Qe1 55.Qc4 Rc7 56.Qxc7 Rxg8 57.Qxa5 Rc8
58.Qa7 Kh6 59.Qd7 Rg8 60.Qf5 Rg6 61.Rf3 Qd2 62.Rd3 Qg2 63.Re3 Qc6 64.Rf3 Kg7
65.Rd3 Kh6 66.Rf3 Kg7 67.Rd3 Kh6  1/2-1/2

[Event "ARG-ch"]
[Site "Buenos Aires"]
[Date "1978.??.??"]
[Round "?"]
[White "Hase, Juan C"]
[Black "Bielicki, Carlos"]
[Result "0-1"]
[WhiteElo "2410"]
[BlackElo "2245"]

1.e4 c5 2.Nf3 e6 3.d4 cxd4 4.Nxd4 Nc6 5.Nc3 d6 6.Be2 Nf6 7.O-O Be7 8.Be3 O-O
9.f4 Bd7 10.Nb3 a6 11.a4 b6 12.g4 Bc8 13.g5 Nd7 14.Bf3 Rb8 15.Qd2 Qc7 16.Ne2 Re8
17.Ng3 Bf8 18.Nd4 Nxd4 19.Bxd4 e5 20.Bc3 exf4 21.Qxf4 g6 22.Nh5 gxh5 23.Bxh5 Ne5
24.Bxe5 Rxe5 25.Bxf7+ Kh8 26.Bd5 Be6  0-1

[Event "ARG-ch"]
[Site "Buenos Aires"]
[Date "1978.??.??"]
[Round "?"]
[White "Garcia, Horacio"]
[Black "Bronstein, Luis"]
[Result "1-0"]
[WhiteElo "2350"]
[BlackElo "2400"]

1.e4 c5 2.Nf3 e6 3.d4 cxd4 4.Nxd4 Nc6 5.Nc3 a6 6.Be2 Nge7 7.Nb3 Ng6 8.O-O Be7
9.Be3 b5 10.a4 b4 11.Nb1 a5 12.N1d2 O-O 13.Bb5 Bb7 14.Nc4 d5 15.exd5 exd5
16.Nb6 d4 17.Bxc6 Bxc6 18.Qxd4 Ra6 19.Nc4 Qa8 20.f3 Rd8 21.Qg4 h6 22.Rfe1 Bh4
23.Bf2 h5 24.Qf5 Rd5 25.Ne5 Bxf2+ 26.Kxf2 Qa7+ 27.Kf1 Nxe5 28.Rxe5 Bd7 29.Re8+ Bxe8
30.Qxd5 Qc7 31.Kg1 Qxc2 32.Re1 Bc6 33.Qd8+ Kh7 34.Nd4 Bxa4 35.Nxc2 Bxc2 36.Rc1 b3
37.Qe8 Rf6 38.Re1 a4 39.Qxa4 Rg6 40.Kf2 h4 41.Qxh4+ Rh6 42.Qf4  1-0

[Event "Buenos Aires ol (Women)"]
[Site "Buenos Aires"]
[Date "1978.??.??"]
[Round "?"]
[White "Ferrer Lucas, Pepita"]
[Black "Markovic, Gordana"]
[Result "1/2-1/2"]
[WhiteElo "2070"]
[BlackElo "2195"]

1.e4 c5 2.Nf3 e6 3.d4 cxd4 4.Nxd4 Nc6 5.Nc3 a6 6.Be3 Qc7 7.Be2 b5 8.a3 Bb7
9.O-O Nf6 10.Bd3 Ne5 11.h3 Nc4 12.Bc1 Nxa3 13.Qe2 Rc8 14.e5 Ng8 15.Kh1 Nc4
16.f4 Be7 17.b3 Nb6 18.Bb2 Nh6 19.f5 exf5 20.Nxf5 Nxf5 21.Rxf5 g6 22.Rf4 O-O
23.Raf1 Nd5 24.Nxd5 Bxd5 25.Qg4 Qc6 26.h4 Qe6 27.Qg3 Qc6 28.h5 Qb6 29.Bd4 Qc6
30.Bb2 Qb6 31.Bd4 Qc6  1/2-1/2

[Event "Buenos Aires ol (Women)"]
[Site "Buenos Aires"]
[Date "1978.??.??"]
[Round "?"]
[White "Hund, Barbara"]
[Black "Alexandria, Nana"]
[Result "1-0"]
[WhiteElo "2075"]
[BlackElo "2345"]

1.e4 c5 2.Nf3 e6 3.d4 cxd4 4.Nxd4 Nc6 5.Nc3 Qc7 6.Be2 a6 7.Be3 Nf6 8.O-O Be7
9.f4 d6 10.Kh1 O-O 11.Qe1 Nxd4 12.Bxd4 b5 13.a3 Bb7 14.Qg3 Bc6 15.Rad1 Rad8
16.Bf3 Qb7 17.Bxf6 Bxf6 18.e5 dxe5 19.fxe5 Be7 20.Rd3 Bxf3 21.Rdxf3 b4 22.axb4 Qxb4
23.b3 Bh4 24.Qh3 Rd4 25.Ne2 Re4 26.Nf4 Be7 27.c4 Qb8 28.Nxe6 Rh4 29.Qg3 fxe6
30.Rxf8+ Qxf8 31.Rxf8+ Kxf8 32.Qf3+ Kg8 33.g3 Rd4 34.Qa8+ Kf7 35.Qxa6 Re4
36.Qb5 h5 37.h4 Re3 38.Kg2 g5 39.hxg5 Bxg5 40.b4 Kg6 41.Qe8+ Kf5 42.Qxh5 Re4
43.Qf3+  1-0

[Event "Buenos Aires ol (Women)"]
[Site "Buenos Aires"]
[Date "1978.??.??"]
[Round "?"]
[White "Justo, Virginia"]
[Black "Dahlin, Jolanta"]
[Result "1-0"]
[WhiteElo "2120"]
[BlackElo "2125"]

1.e4 c5 2.Nf3 e6 3.d4 cxd4 4.Nxd4 Nc6 5.Nc3 a6 6.Be3 Qc7 7.Bd3 Nf6 8.O-O Ne5
9.f3 Bc5 10.Bf2 O-O 11.Nb3 Bxf2+ 12.Rxf2 b5 13.a4 b4 14.Na2 a5 15.Nd4 d5
16.exd5 Nxd5 17.Nc1 Nxd3 18.Qxd3 Ba6 19.Qe4 Rfd8 20.Nce2 Qd7 21.Nb3 Qc7 22.Ned4 Bc4
23.Nd2 Ba6 24.N2b3 e5 25.Nf5 g6 26.Nh6+ Kg7 27.Ng4 f6 28.Rd2 Ne7 29.Rad1 Bb7
30.Qe3 Nf5 31.Qc5 Qxc5+ 32.Nxc5 Rxd2 33.Rxd2 Bc6 34.Ne6+ Kh8 35.Nxf6 Bxa4
36.b3 Bc6 37.Re2 Nd4 38.Nxd4 exd4 39.Re7  1-0

[Event "Buenos Aires ol (Women)"]
[Site "Buenos Aires"]
[Date "1978.??.??"]
[Round "?"]
[White "Lematschko, Tatjana"]
[Black "Markovic, Gordana"]
[Result "1/2-1/2"]
[WhiteElo "2230"]
[BlackElo "2195"]

1.e4 c5 2.Nf3 e6 3.d4 cxd4 4.Nxd4 Nc6 5.Nc3 Qc7 6.Be2 a6 7.f4 Nxd4 8.Qxd4 Ne7
9.Be3 b5 10.O-O Nc6 11.Qd2 d6 12.Bd3 Be7 13.Rae1 O-O 14.g4 Bb7 15.Ne2 Rad8
16.c3 Na5 17.Qc2 Nc4 18.Bf2 e5 19.b3 Nb6 20.Ng3 Rfe8 21.Nf5 Bf8 22.fxe5 dxe5
23.Rd1 Nd7 24.Be2 Nc5 25.Ng3 Ne6 26.Rxd8 Rxd8 27.Rd1 Nf4 28.Rxd8 Nxe2+ 29.Qxe2 Qxd8
30.Be3 g6  1/2-1/2

[Event "URS-ch sf"]
[Site "Daugavpils"]
[Date "1978.??.??"]
[Round "?"]
[White "Taborov, Boris"]
[Black "Averkin, Orest N"]
[Result "0-1"]
[WhiteElo "2370"]
[BlackElo "2455"]

1.e4 c5 2.Nf3 e6 3.d4 cxd4 4.Nxd4 Nc6 5.Nc3 a6 6.Be2 Qc7 7.O-O Nf6 8.Kh1 d6
9.f4 Be7 10.Be3 Bd7 11.Qe1 b5 12.a3 O-O 13.Qg3 b4 14.axb4 Nxb4 15.Bf3 Rab8
16.e5 Ne8 17.Be4 g6 18.Nd1 dxe5 19.fxe5 f5 20.c3 fxe4 21.Rxf8+ Bxf8 22.cxb4 Be7
23.Rc1 Qb7 24.Nc3 Qxb4 25.Nxe4 Rc8 26.Rf1 Bb5 27.Re1 Rd8 28.Qh3 Rxd4 29.Qxe6+ Kh8
30.Bxd4 Qxd4 31.Nd6 Nxd6 32.exd6 Bf6 33.Qc8+ Kg7 34.Qc7+ Kh6 35.Qc1+ g5 36.Rd1 Qh4
37.g3 Qb4  0-1

[Event "DDR-ch 27th"]
[Site "Eggesin/Torgelow"]
[Date "1978.??.??"]
[Round "6"]
[White "Liebert, Heinz"]
[Black "Moehring, Guenther"]
[Result "1/2-1/2"]
[WhiteElo "2420"]
[BlackElo "2405"]

1.d4 c5 2.e4 cxd4 3.Nf3 Nc6 4.Nxd4 e6 5.Nc3 d6 6.Be3 Nf6 7.Be2 Be7 8.O-O O-O
9.f4 Bd7 10.Qe1 Nxd4 11.Bxd4 Bc6 12.Qg3 g6 13.f5 e5 14.Be3 Nxe4 15.Nxe4 Bxe4
16.Bh6 Qb6+ 17.Kh1 Qxb2 18.Bxf8 Rxf8 19.Bd3 Bd5 20.c4 Bc6 21.fxg6 fxg6 22.Bxg6 hxg6
23.Qxg6+ Kh8 24.Qh6+ Kg8 25.Qe6+ Kh8 26.Rxf8+ Bxf8 27.Qh3+ Kg8 28.Rf1 Bg7
29.Qe6+ Kh8 30.Qc8+ Kh7 31.Qf5+ Kh8 32.Qh5+ Kg8 33.Qf7+ Kh8  1/2-1/2

[Event "Esbjerg"]
[Site "Esbjerg"]
[Date "1978.??.??"]
[Round "3"]
[White "Rath, Ulrik"]
[Black "Kristiansen, Jens"]
[Result "1-0"]
[WhiteElo "2405"]
[BlackElo "2395"]

1.e4 c5 2.Nf3 e6 3.Nc3 Nc6 4.d4 cxd4 5.Nxd4 d6 6.f4 Nf6 7.Be3 Be7 8.Qf3 e5
9.Nxc6 bxc6 10.fxe5 dxe5 11.Bc4 O-O 12.h3 Be6 13.Bxe6 fxe6 14.Qe2 Rb8 15.O-O Rb4
16.b3 Qa5 17.a3 Rd4 18.Bxd4 exd4 19.e5 Nd7 20.b4 Rxf1+ 21.Rxf1 Qc7 22.Na4 Nxe5
23.Re1 Bf6 24.Nc5 Qd6 25.Nd3 Nxd3 26.cxd3 e5 27.Qe4 a5 28.bxa5 h5 29.a6 Qc5
30.Qg6 Qb6 31.Qe8+ Kh7 32.Qxh5+ Kg8 33.Qe8+ Kh7 34.Qc8 Bg5 35.Qf5+ Kh6 36.Qxe5 Be3+
37.Kh1 Qxa6 38.Rxe3 dxe3 39.Qxe3+ Kh7 40.Qe4+ g6 41.a4 Kg7 42.Kg1 Qb6+ 43.d4 Qb2
44.Qe5+ Kh7 45.a5 Qc3 46.Kh2 Qd3 47.Qc7+ Kh6 48.Qf4+ Kg7 49.h4 Kh7 50.Qc7+ Kh6
51.Qe5 Kh7 52.Qe7+ Kh8 53.h5 Qxd4 54.Qe8+ Kg7 55.Qxg6+ Kf8 56.Qg5 c5 57.h6 c4
58.h7 Qd6+ 59.g3  1-0

[Event "Esbjerg"]
[Site "Esbjerg"]
[Date "1978.??.??"]
[Round "5"]
[White "Sigurjonsson, Gudmundur"]
[Black "Ogaard, Leif"]
[Result "1-0"]
[WhiteElo "2500"]
[BlackElo "2435"]

1.e4 c5 2.Nf3 e6 3.d4 cxd4 4.Nxd4 Nc6 5.Nc3 a6 6.Be2 Qc7 7.O-O Nf6 8.Kh1 Be7
9.f4 d6 10.Be3 O-O 11.Qe1 Bd7 12.Qg3 Kh8 13.a3 b5 14.Bd3 Rab8 15.Nxc6 Bxc6
16.Bd4 e5 17.fxe5 Nh5 18.Qh3 dxe5 19.Rf5 exd4 20.Rxh5 h6 21.Nd5 Bxd5 22.exd5 Qf4
23.Rf1 Qe3 24.Qg4 Rb6 25.Rhf5 Kg8 26.R5f4 Bd6 27.Rf6 Bc5 28.d6 Rxd6 29.Qf5 Qxd3
30.Qxd3 Rxf6 31.Rxf6 gxf6 32.Qg3+ Kh8 33.Qc7  1-0

[Event "Wch U20"]
[Site "Graz"]
[Date "1978.??.??"]
[Round "4"]
[White "Mokry, Karel"]
[Black "Morovic Fernandez, Ivan"]
[Result "1-0"]
[WhiteElo "2310"]
[BlackElo "2200"]

1.e4 c5 2.Nf3 e6 3.d4 cxd4 4.Nxd4 Nc6 5.Nc3 d6 6.Be3 Nf6 7.Be2 Be7 8.O-O O-O
9.f4 a6 10.Qe1 Nxd4 11.Bxd4 b5 12.a3 Bb7 13.Qg3 g6 14.Bf3 a5 15.Nxb5 Nxe4
16.Qe1 f5 17.Nc3 d5 18.Qe3 Rc8 19.Rfd1 Qc7 20.Be2 Bf6 21.g3 Bxd4 22.Rxd4 e5
23.fxe5 Nxc3 24.bxc3 Rfe8 25.Rb1 Rxe5 26.Qd2 Qe7 27.Bf3 Rd8 28.c4 Qxa3 29.Kg2 Ba6
30.Rb6 Rd6 31.Rxd6 Qxd6 32.cxd5 Re8 33.Qxa5 Rc8 34.Qd2 Qe5 35.c3 Rb8 36.d6 Qb5
37.c4 Qd7 38.c5 Qb5 39.Bd5+ Kg7 40.Bc4 Qc6+ 41.Kh3 Bxc4 42.Rxc4 h6 43.Qd4+ Kh7
44.Rc1 Qf3 45.Re1 Re8 46.Qd1 Qc6 47.Rxe8 Qxe8 48.d7 Qd8 49.Qd5 Kg7 50.c6 Qg5
51.Qd4+  1-0

[Event "Wch U20"]
[Site "Graz"]
[Date "1978.??.??"]
[Round "11"]
[White "Morovic Fernandez, Ivan"]
[Black "Plaskett, Jim"]
[Result "1/2-1/2"]
[WhiteElo "2200"]
[BlackElo "2410"]

1.e4 c5 2.Nf3 e6 3.d4 cxd4 4.Nxd4 Nc6 5.Nc3 Qc7 6.Be2 a6 7.O-O Nf6 8.Kh1 Bb4
9.Bg5 Bxc3 10.Bxf6 gxf6 11.bxc3 b6 12.f4 Bb7 13.Bd3 h5 14.f5 e5 15.Nxc6 Qxc6
16.Rb1 h4 17.h3 b5 18.Rb3 Qc5 19.a4 Bc6 20.axb5 axb5 21.Qe2 Ra3 22.Rxa3 Qxa3
23.Bxb5 Qxc3 24.Rd1 Ke7 25.Bxc6 Qxc6 26.Qf2 Rc8 27.Qd2 Rc7 28.c4 Ke8 29.Qh6 Ke7
30.Qd2 Rb7 31.Kh2 Rb3 32.c5 Rb5 33.Qd6+ Qxd6 34.cxd6+ Kf8 35.Kg1 Rb4 36.Re1 Rd4
37.Kf2 Rxd6 38.Re3 Kg7 39.Kf3 Kh6 40.Rb3 Kg5 41.Rb8 Rd3+ 42.Ke2 Rg3 43.Kf2 d5
44.Rg8+ Kh6 45.Rh8+ Kg7 46.Rxh4 Rg5 47.g4 d4  1/2-1/2

[Event "Halle 12th (Women)"]
[Site "Halle"]
[Date "1978.??.??"]
[Round "8"]
[White "Wagner Michel, Annett"]
[Black "Keller, Martina"]
[Result "1-0"]
[WhiteElo "2130"]
[BlackElo "2130"]

1.e4 c5 2.Nc3 e6 3.Nge2 Nc6 4.d4 cxd4 5.Nxd4 Be7 6.Ndb5 d6 7.Bf4 e5 8.Nd5 exf4
9.Nbc7+ Kf8 10.Nxa8 Qa5+ 11.Qd2 Bd8 12.b4 Qa3 13.c3 Nf6 14.Nxf6 Bxf6 15.Rc1 a5
16.Nb6 Be6 17.Bc4 axb4 18.cxb4 f3 19.O-O fxg2 20.Rfe1 Qh3 21.Qxd6+ Be7 22.Bxe6 fxe6
23.Qg3 Qh6 24.b5 Nd4 25.Nd7+ Ke8 26.Rc8+ Bd8 27.Ne5 Qh5 28.Kxg2 g5 29.Qg4 Qxg4+
30.Nxg4 Kd7 31.Ra8 Nxb5 32.Ne5+ Ke7 33.Rd1 Nd6 34.Rxd6  1-0

[Event "Hastings7879"]
[Site "Hastings"]
[Date "1978.??.??"]
[Round "10"]
[White "Taulbut, Shaun M"]
[Black "Kochyev, Alexander"]
[Result "0-1"]
[WhiteElo "2405"]
[BlackElo "2555"]

1.e4 c5 2.Nf3 e6 3.d4 cxd4 4.Nxd4 Nc6 5.Nc3 a6 6.g3 Nge7 7.Nb3 d6 8.Bg2 Bd7
9.Bg5 Qc7 10.O-O h6 11.Be3 Nc8 12.f4 Be7 13.f5 Bg5 14.Bf2 N8e7 15.fxe6 fxe6
16.e5 Nxe5 17.Ne4 Nf5 18.Re1 O-O 19.Nxd6 Nxd6 20.Rxe5 Rxf2 21.Kxf2 Nf5 22.Rxf5 exf5
23.Qd5+ Kh8 24.c3 Bc6 25.Qc5 Be7 26.Qc4 f4 27.Bxc6 bxc6 28.Nd4 Rf8 29.Kg2 fxg3
30.hxg3 c5 31.Nf3 Qb7 32.Qe2 g5 33.g4 Rxf3 34.Qxf3 Qxb2+  0-1

[Event "Jurmala"]
[Site "Jurmala"]
[Date "1978.??.??"]
[Round "3"]
[White "Lanka, Zigurds"]
[Black "Ligterink, Gert"]
[Result "1-0"]
[WhiteElo "2440"]
[BlackElo "2440"]

1.e4 c5 2.Nf3 e6 3.d4 cxd4 4.Nxd4 Nc6 5.Nc3 d6 6.Be3 Nf6 7.Be2 Be7 8.O-O O-O
9.f4 a6 10.Qe1 Bd7 11.Qg3 b5 12.a3 Nxd4 13.Bxd4 Bc6 14.Kh1 Qd7 15.Bd3 a5
16.Rae1 b4 17.axb4 axb4 18.Nd1 g6 19.Nf2 Rfe8 20.Bxf6 Bxf6 21.Ng4 Bg7 22.h4 f5
23.exf5 exf5 24.Ne3 d5 25.h5 Kf7 26.Qh3 Qd6 27.Rd1 Qf6 28.Rfe1 Re6 29.Nf1 Rae8
30.Rxe6 Qxe6 31.Nd2 Qe3 32.Qh2 Bxb2 33.Nf3 Kg7 34.Qg3 Bc1 35.Qg5 d4 36.h6+ Kf7
37.Bc4+  1-0

[Event "Jurmala"]
[Site "Jurmala"]
[Date "1978.??.??"]
[Round "8"]
[White "Westerinen, Heikki MJ"]
[Black "Taimanov, Mark E"]
[Result "1/2-1/2"]
[WhiteElo "2450"]
[BlackElo "2530"]

1.e4 c5 2.Nf3 Nc6 3.d4 cxd4 4.Nxd4 e6 5.Nc3 a6 6.Be2 Nge7 7.Bf4 Ng6 8.Bg3 Be7
9.Nb3 b5 10.Qd2 O-O 11.Rd1 Qb6 12.Bd6 Bxd6 13.Qxd6 Rb8 14.O-O Nce5 15.Qxb6 Rxb6
16.f4 Nc6 17.Rd6 Rb7 18.g3 Rc7 19.Rfd1 Nb8 20.Rb6 Bb7 21.Na5 Ba8 22.a4 bxa4
23.Ra1 Ne7 24.Rxa4 f5 25.exf5 Nxf5 26.Rab4 Rcc8 27.Bd3 Ne3 28.h3 h6 29.Kf2 Nf5
30.Ne4 g5 31.Nd6 Nxd6 32.Rxd6 gxf4 33.gxf4 Kf7 34.Rdb6 Ke7 35.c3 Rg8 36.Be4 Bxe4
37.Rxe4 Rc5 38.Reb4 Rxa5 39.Rxb8 Rg6  1/2-1/2

[Event "Jurmala"]
[Site "Jurmala"]
[Date "1978.??.??"]
[Round "10"]
[White "Lutikov, Anatoly S"]
[Black "Taimanov, Mark E"]
[Result "1/2-1/2"]
[WhiteElo "2540"]
[BlackElo "2530"]

1.e4 c5 2.Nf3 e6 3.d4 cxd4 4.Nxd4 Nc6 5.Nc3 a6 6.Bc4 Qc7 7.O-O Nf6 8.h3 Nxd4
9.Qxd4 Bc5 10.Qd3 b5 11.Bb3 Bb7 12.Re1 O-O 13.Be3 d6 14.a3 Rac8 15.f3 Rfd8
16.Rad1 h6 17.Qe2 Qb6 18.Qf2 Bxe3 19.Rxe3 Kf8 20.Red3 Qxf2+ 21.Kxf2 Ke7 22.Rd4 Bc6
23.a4 e5 24.R4d3 b4 25.Ne2 Be8 26.Ng3 g6 27.Nf1 Rc5 28.Ne3 Bc6 29.g4 h5 30.Kg3 hxg4
31.hxg4 Nh7 32.Nd5+ Bxd5 33.Rxd5 Rc6 34.R5d2 Ng5 35.Bd5 Rc5 36.Rh1 Rdc8 37.Rhh2 Ra5
38.Bb3 Ne6 39.Rh7 Rf8 40.Rdh2 Rc5 41.Rh8 Rxh8 42.Rxh8 Nd4 43.Bd5 Rxc2 44.Ra8 Kf6
45.Rxa6 Ne2+ 46.Kf2 Nf4+ 47.Ke1 Ng2+ 48.Kd1 Ne3+ 49.Ke1 Ng2+ 50.Kd1  1/2-1/2

[Event "Jurmala"]
[Site "Jurmala"]
[Date "1978.??.??"]
[Round "14"]
[White "Schneider, Lars Ake"]
[Black "Taimanov, Mark E"]
[Result "0-1"]
[WhiteElo "2430"]
[BlackElo "2530"]

1.e4 c5 2.Nf3 e6 3.d4 cxd4 4.Nxd4 Nc6 5.Nc3 a6 6.Bf4 d6 7.Nf3 b5 8.Qd2 Ra7
9.O-O-O Rd7 10.g4 Qa5 11.Kb1 Nf6 12.g5 b4 13.Ne2 Nxe4 14.Qe3 d5 15.Nfd4 Nxd4
16.Nxd4 Bd6 17.Bxd6 Nxd6 18.Nxe6 fxe6 19.Qxe6+ Kd8 20.Rxd5 Qxd5 21.Qxd5 Nb5
22.Qf3 Bb7 23.Qg4 Bxh1 24.Bh3 Bc6 25.a3 bxa3 26.Qf4 Rb7 27.bxa3 Nc3+  0-1

[Event "NLD-ch"]
[Site "Leeuwarden"]
[Date "1978.??.??"]
[Round "8"]
[White "Baljon, Christofoor"]
[Black "Ligterink, Gert"]
[Result "1-0"]
[WhiteElo "2220"]
[BlackElo "2440"]

1.e4 c5 2.Nf3 Nc6 3.d4 cxd4 4.Nxd4 e6 5.Nc3 a6 6.g3 d6 7.Bg2 Bd7 8.O-O Qc7
9.Re1 Be7 10.Nxc6 bxc6 11.b3 Nf6 12.e5 dxe5 13.Bb2 O-O 14.Na4 e4 15.Nc3 e5
16.Nxe4 Nxe4 17.Bxe4 f5 18.Bxe5 Qxe5 19.Bxc6 Qxe1+ 20.Qxe1 Bxc6 21.Qxe7 Rae8
22.Qc5 Rf6 23.a4 f4 24.Qc4+ Kh8 25.Qxa6 Rfe6 26.Rf1 Bf3 27.Qa5 Re2 28.Qc3 Bg4
29.a5 Bh3 30.a6 Bxf1 31.Kxf1 R2e6 32.gxf4 Rxa6 33.b4 Rb6 34.Qd4 Reb8 35.c3 R6b7
36.Ke2 Rb6 37.Kd3 Rh6 38.b5 Rxh2 39.Qd6 Re8 40.b6 Rh1 41.Qc6 Rd8+ 42.Kc2 Rhd1
43.b7 R1d2+ 44.Kb3 Rf8 45.Qc7 Rdd8 46.c4 h6 47.c5 Kh7 48.c6 Rd1 49.Kc2 Rd5
50.Qe7  1-0

[Event "Makarczyk mem"]
[Site "Lodz"]
[Date "1978.??.??"]
[Round "11"]
[White "Sznapik, Aleksander"]
[Black "Barczay, Laszlo"]
[Result "1-0"]
[WhiteElo "2430"]
[BlackElo "2465"]

1.e4 c5 2.Nf3 e6 3.d4 cxd4 4.Nxd4 Nc6 5.Nc3 a6 6.Be3 Qc7 7.Be2 Nf6 8.O-O Bb4
9.Nxc6 bxc6 10.Na4 O-O 11.c4 Be7 12.Qc2 c5 13.f4 Bb7 14.Bf3 d6 15.Rad1 Rab8
16.Nc3 Nd7 17.b3 Rbd8 18.g4 Nb8 19.g5 Nc6 20.Ne2 Rfe8 21.Qd2 Bf8 22.Bg2 Qc8
23.Nc3 Nd4 24.Qf2 Qc7 25.Rd3 d5 26.exd5 exd5 27.Nxd5 Bxd5 28.Bxd5 Nf5 29.Bd2 g6
30.Bc3 Bg7 31.Bxg7 Nxg7 32.Re3 Rxe3 33.Qxe3 Re8 34.Qf2 Nf5 35.Re1 Qd7 36.Kf1 Rxe1+
37.Qxe1 Nd4 38.Kf2 Kf8 39.Qe5 Qf5 40.Qxf5 Nxf5 41.Kf3 Nd6 42.a3 a5 43.Ke3 Ke7
44.Kd3 f6 45.Kc3 fxg5 46.fxg5 h6 47.gxh6 Kf6 48.h7 Kg7 49.Bg8 g5 50.Kd3 Kh8
51.a4 Kg7 52.b4 axb4 53.a5 Nc8 54.a6 Na7 55.Kc2  1-0

[Event "Aaronson"]
[Site "London"]
[Date "1978.??.??"]
[Round "9"]
[White "Mestel, A Jonathan"]
[Black "Garbett, Paul Anthony"]
[Result "1/2-1/2"]
[WhiteElo "2450"]
[BlackElo "2310"]

1.e4 c5 2.Nf3 e6 3.d4 cxd4 4.Nxd4 Nc6 5.Nc3 Qc7 6.g3 a6 7.Bg2 Nf6 8.O-O d6
9.Re1 Bd7 10.Nxc6 bxc6 11.Na4 Be7 12.c4 Rb8 13.c5 e5 14.cxd6 Bxd6 15.Qc2 c5
16.Bg5 Rb4 17.Nc3 Be6 18.Nd5 Nxd5 19.exd5 Bd7 20.Bd2 Rb8 21.b3 O-O 22.Bf1 Bb5
23.Bc4 f5 24.f3 Kh8 25.Bc3 f4 26.g4 Qe7 27.Re2 Qg5 28.Kh1 Rf6 29.h4 Rh6 30.Be1 Qf6
31.Rh2 Qg6 32.Qxg6 Rxg6 33.Re2 Rf6 34.Bc3 Rf7 35.Rae1 Re7 36.Kg2 Rbe8 37.Re4 Kg8
38.Kf2 Kf7 39.Ke2 h5 40.Rg1 Bd7 41.Kf2 hxg4 42.fxg4 Rh8 43.h5 Bc8 44.Kf3 g6
45.Rxf4+ exf4 46.Bxh8 Re3+ 47.Kf2 Rh3 48.Bf1 Rh2+ 49.Rg2 Rh1 50.Bd3 Bb7  1/2-1/2

[Event "Lone Pine op"]
[Site "Lone Pine"]
[Date "1978.??.??"]
[Round "3"]
[White "Donaldson, John W"]
[Black "Ligterink, Gert"]
[Result "0-1"]
[WhiteElo "2275"]
[BlackElo "2440"]

1.e4 c5 2.Nf3 e6 3.d4 cxd4 4.Nxd4 Nc6 5.Nc3 d6 6.g3 Nf6 7.Bg2 Bd7 8.O-O Be7
9.Re1 O-O 10.Nxc6 Bxc6 11.a4 Qd7 12.b3 b6 13.Bb2 Qb7 14.b4 e5 15.Qd3 Rac8
16.a5 bxa5 17.b5 Bd7 18.Rxa5 Bd8 19.Ra4 Bb6 20.Qxd6 Ng4 21.Rf1 Rxc3 22.Bxc3 Bxb5
23.Raa1 Rd8 24.Qa3 Bxf1 25.Rxf1 Bxf2+ 26.Kh1 Bb6 27.Bf3 Ne3 28.Rc1 Qc7 29.Qb3 Qe7
30.Qb5 Qf6 31.Qe2 Rc8 32.Bd2 Nxc2 33.Bg4 Rc5 34.Rf1 Qd8 35.Qf3 Rc7 36.Bc3 Nd4
37.Bxd4 Bxd4 38.Qb3 g6 39.Be2 Qc8 40.Kg2 Kg7 41.Qd5 Rd7 42.Qb5 Qb7 43.Rc1 Qxe4+
44.Bf3 Qf5 45.Rf1 Qe6 46.Bc6  0-1

[Event "Lone Pine op"]
[Site "Lone Pine"]
[Date "1978.??.??"]
[Round "8"]
[White "Gruchacz, Robert"]
[Black "Fedorowicz, John P"]
[Result "1/2-1/2"]
[WhiteElo "2400"]
[BlackElo "2395"]

1.e4 c5 2.Ne2 e6 3.Nbc3 Nc6 4.d4 cxd4 5.Nxd4 Nf6 6.a3 d6 7.Be3 Be7 8.Be2 O-O
9.O-O a6 10.f4 Qc7  1/2-1/2

[Event "Lvov zt"]
[Site "Lvov"]
[Date "1978.??.??"]
[Round "14"]
[White "Beliavsky, Alexander G"]
[Black "Sveshnikov, Evgeny"]
[Result "1/2-1/2"]
[WhiteElo "2545"]
[BlackElo "2565"]

1.e4 c5 2.Nf3 e6 3.d4 cxd4 4.Nxd4 Nc6 5.Nc3 Nf6 6.Ndb5 d6 7.Bf4 e5 8.Bg5 a6
9.Na3 b5 10.Bxf6 gxf6 11.Nd5 f5 12.Bd3 Be6 13.Qh5 Bg7 14.c3 O-O 15.exf5 Bxd5
16.f6 e4 17.fxg7 Re8 18.Be2 Re5 19.Qh6 b4 20.Nc2 bxc3 21.bxc3 Be6 22.O-O Qg5
23.Qxg5 Rxg5 24.Rfd1 Rc5 25.Rxd6 Rxc3 26.Ne3 Rc5 27.Bg4 Rd8 28.Rxd8+ Nxd8
29.Rd1 Bxg4 30.Nxg4  1/2-1/2

[Event "Rubinstein mem"]
[Site "Polanica Zdroj"]
[Date "1978.??.??"]
[Round "2"]
[White "Bielczyk, Jacek"]
[Black "Andersson, Ulf"]
[Result "1/2-1/2"]
[WhiteElo "2380"]
[BlackElo "2545"]

1.e4 c5 2.Nf3 e6 3.d4 cxd4 4.Nxd4 Nc6 5.Nc3 a6 6.Be2 Nge7 7.Bf4 Ng6 8.Nxc6 bxc6
9.Bd6 Qb6 10.O-O Bxd6 11.Qxd6 Qxb2 12.Na4 Qe5 13.Qxe5 Nxe5 14.Nb6 Rb8 15.Nxc8 Rxc8
16.Bxa6 Ra8 17.Rfb1 Ke7 18.Be2 Ra4 19.f3 Rha8 20.Rb2 g5 21.Kf2 h5 22.c3 Ra3
23.Rc2 h4 24.g3 Rh8 25.Kg2 hxg3 26.hxg3 Rha8 27.Kf2 d5 28.f4 gxf4 29.gxf4 Nd7
30.exd5 cxd5 31.c4 Nf6 32.Bf3 R8a4 33.Rac1 Kd6 34.f5 exf5 35.Bxd5 Ng4+ 36.Ke2 f6
37.Bg2 Ne3 38.Rd2+ Kc7 39.Bd5 f4 40.Rh1 Rxa2  1/2-1/2

[Event "Rubinstein mem"]
[Site "Polanica Zdroj"]
[Date "1978.??.??"]
[Round "3"]
[White "Swic, Waldemar"]
[Black "Schmidt, Wlodzimierz"]
[Result "1/2-1/2"]
[WhiteElo "2430"]
[BlackElo "2505"]

1.e4 c5 2.Nf3 e6 3.d4 cxd4 4.Nxd4 Nc6 5.Nc3 a6 6.Be2 d6 7.O-O Nf6 8.Be3 Be7
9.f4 O-O 10.Qe1 Nxd4 11.Bxd4 b5 12.a3 Bb7 13.Qg3 g6 14.Bd3 a5 15.Rae1 b4
16.axb4 axb4 17.Nd1 d5 18.e5 Ne4  1/2-1/2

[Event "Rubinstein mem"]
[Site "Polanica Zdroj"]
[Date "1978.??.??"]
[Round "8"]
[White "Bielczyk, Jacek"]
[Black "Schmidt, Wlodzimierz"]
[Result "1/2-1/2"]
[WhiteElo "2380"]
[BlackElo "2505"]

1.e4 c5 2.Nf3 e6 3.d4 cxd4 4.Nxd4 Nc6 5.Nc3 a6 6.Be2 d6 7.f4 Nf6 8.Be3 Be7
9.Qd2 Qc7 10.g4 b5 11.a3 Na5 12.f5 Nc4 13.Bxc4 Qxc4 14.Rg1 e5 15.b3 Qc7 16.Nde2 Bb7
17.Nd5 Bxd5 18.exd5 Rc8  1/2-1/2

[Event "SVK-ch"]
[Site "Presov"]
[Date "1978.??.??"]
[Round "10"]
[White "Nemec, Anton"]
[Black "Harasta, Vladimir"]
[Result "1/2-1/2"]
[WhiteElo "2170"]
[BlackElo "2185"]

1.e4 c5 2.Nf3 e6 3.d4 cxd4 4.Nxd4 Nc6 5.Nc3 d6 6.Be2 Be7 7.O-O Nf6 8.Be3 O-O
9.Nb3 a6 10.a4 Na5 11.Qd2 Nxb3 12.cxb3 Bd7 13.f4 Bc6 14.Bf3 Kh8 15.b4 d5
16.exd5 Bxd5 17.Nxd5 Nxd5 18.Bxd5 Qxd5 19.Qxd5 exd5 20.Rfd1 Rad8 21.Rd3 Bxb4
22.Rad1 h6 23.Rxd5 Rxd5 24.Rxd5 Re8 25.Kf2 Kh7  1/2-1/2

[Event "Banicky kahanec"]
[Site "Prievidza"]
[Date "1978.??.??"]
[Round "?"]
[White "Radojevic, Zoran"]
[Black "Babev, Aleksandar"]
[Result "0-1"]
[WhiteElo "2240"]
[BlackElo "2335"]

1.e4 c5 2.Nf3 Nc6 3.d4 cxd4 4.Nxd4 e6 5.Nc3 Qc7 6.Be2 a6 7.Be3 Nf6 8.O-O Bb4
9.f3 O-O 10.Nxc6 bxc6 11.Qd4 Bd6 12.g3 Be5 13.Qd2 d5 14.exd5 cxd5 15.Bd4 Bb7
16.Bxe5 Qxe5 17.f4 Qc7 18.Bf3 Rac8 19.Qd4 Qb8 20.Be2 Rfd8 21.Bd3 Nd7 22.Rae1 Re8
23.Qf2 Qd6 24.g4 f6 25.Ne2 g6 26.f5 gxf5 27.Nd4 Nf8 28.Bxf5 exf5 29.Nxf5 Qc6
30.Re7 Kh8 31.Nd4 Qb6 32.Rf7 Re4 33.c3 Rxg4+ 34.Kh1 Rg6 35.h4 Kg8 36.Re7 Rc7
37.Re8 Rf7 38.h5 Rg5 39.Qf3 Bc6 40.Ne6 d4  0-1

[Event "Banicky kahanec"]
[Site "Prievidza"]
[Date "1978.??.??"]
[Round "?"]
[White "Franzen, Josef"]
[Black "Babev, Aleksandar"]
[Result "1/2-1/2"]
[WhiteElo "2290"]
[BlackElo "2335"]

1.e4 c5 2.Nf3 Nc6 3.d4 cxd4 4.Nxd4 e6 5.Nc3 Qc7 6.g3 a6 7.Bg2 Nf6 8.O-O Be7
9.Re1 Nxd4 10.Qxd4 Bc5 11.Bf4 d6 12.Qd2 Ng4 13.Re2 O-O 14.b4 Bxb4 15.Nd5 exd5
16.Qxb4 Rd8 17.exd5 f6 18.Rae1 Ne5 19.Bxe5 fxe5 20.f4 Bg4 21.Re3 exf4 22.Qxf4 Bh5
23.Re7 Rd7 24.Qg5 Rxe7 25.Rxe7 Qb6+ 26.Qe3 Qb1+ 27.Qe1 Qxe1+ 28.Rxe1 Re8
29.Rb1 Re7 30.c4 Rc7 31.Bf1 Kf8 32.Rb6 Ke7 33.Kf2 Bg4 34.Ke3 Bc8 35.Kd4 Rc5
36.Bd3 g6 37.Rb2 Rc7 38.Rf2 Bd7 39.Re2+ Kf6 40.Rc2 Rc5 41.Rf2+ Kg7  1/2-1/2

[Event "Banicky kahanec"]
[Site "Prievidza"]
[Date "1978.??.??"]
[Round "?"]
[White "Schrancz, Istvan"]
[Black "Babev, Aleksandar"]
[Result "1/2-1/2"]
[WhiteElo "2300"]
[BlackElo "2335"]

1.e4 c5 2.Nf3 Nc6 3.Nc3 e6 4.d4 cxd4 5.Nxd4 Qc7 6.g3 a6 7.Bg2 Nf6 8.O-O Be7
9.Re1 O-O 10.Nxc6 bxc6 11.e5 Nd5 12.Bd2 f6 13.Nxd5 cxd5 14.Bc3 Bb7 15.Qd2 Rac8
16.exf6 Bxf6 17.Bxf6 Rxf6 18.c3 Qb6 19.Re2 Bc6 20.Qe3 Qb7 21.f4 Rff8 22.Rd2 Rc7
23.Rf1 Rcc8 24.Rff2 Rce8 25.Qc5 Qb5 26.Qxb5 Bxb5 27.f5 g6 28.fxe6 dxe6 29.Rd4 a5
30.Rdf4 g5 31.Rg4 h6 32.h4 Rxf2 33.Kxf2 Rf8+ 34.Ke3 Rf5 35.Bf3 Kf7 36.hxg5 hxg5
37.b3 Bc6 38.Rd4 Ke7 39.Bg4 Rf1 40.Rd1 Rxd1 41.Bxd1 e5 42.a3 Kd6 43.b4  1/2-1/2